000
00333 a2200157 4500
001
65680
020
_a
9788516097165
040
_c
Anchieta - Pituba
100
_a
Kanashiro, Aurea Regina
240
1
0
_a
Literatura
_l
por
245
1
0
_a
Literatura
300
_a
48
362
0
_a
2015
650
4
_a
Literatura brasileira
942
_c
BK
999
_c
65680
_d
65680